| 000 | 02050nam a2200433 i 4500 | ||
|---|---|---|---|
| 003 | EG-GICUC | ||
| 005 | 20260423140001.0 | ||
| 008 | 260423s2026 ua |||f m||| 00| 0 ara d | ||
| 040 |
_aEG-GICUC _cEG-GICUC _dEG-GICUC _erda _bara |
||
| 041 | 0 |
_aara _bara _dara |
|
| 049 | _aإهداء | ||
| 082 | 0 | 4 |
_a347.2 _221 |
| 097 | _aPh.D | ||
| 099 | _aLaw 05 PHD 2026 | ||
| 100 | 0 |
_aإيهاب خالد محمد كامل أحمد العادلي _eمؤلف. |
|
| 245 | 1 | 0 |
_aاتحاد الشركات في ضوء عقد الكونسورتيوم / _cإعداد إيهاب خالد محمد كامل أحمد العادلي؛ إشراف الأستاذ الدكتور خليل فيكتور تادرس. |
| 264 | 0 |
_aالقاهرة: _bكلية الحقوق- جامعة القاهرة، _c2026. |
|
| 300 |
_a400 صفحة؛ _c30 سم. |
||
| 336 |
_atext _2rda content |
||
| 337 |
_aComputer _2rda media |
||
| 338 |
_aOnline Resource _2rda carrier |
||
| 502 | _a أطروحة (دكتوراة)- جامعة القاهرة، كلية الحقوق، قسم القانون التجاري، 2026. | ||
| 504 | _aببليوجرافيا: صفحات 371-391 | ||
| 546 | _aالنص بالعربية والملخص باللغة الإنجليزية والعربية. | ||
| 650 | 0 | 4 | _aالقانون التجاري |
| 653 | 0 | _aتحالف الشركات | |
| 653 | 0 | _aالكونسورتيوم | |
| 653 | 0 | _aالإتفافات الإتحادية المؤقتة | |
| 653 | 0 | _aالإقتصاديات العالمية | |
| 653 | 0 | _aالمنافسة التجارية | |
| 653 | 0 | _aالمسؤولية القانونية | |
| 655 | 4 |
_aرسائل جامعية _zجامعة القاهرة _xالقانون التجاري |
|
| 700 | 0 |
_aخليل فيكتور تادرس _eمشرف. |
|
| 710 | 2 |
_aجامعة القاهرة. _bكلية الحقوق |
|
| 856 | _uhttps://fll.law.cu.edu.eg/fulltext/th/T05-02883.pdf | ||
| 900 |
_b2026 _Uجامعة القاهرة _Fكلية الحقوق _Dقسم القانون التجاري |
||
| 905 | _a64 | ||
| 942 |
_2ddc _cTH _e21 _n0 |
||
| 999 | _c73107 | ||